000 00434nam a2200145Ia 4500
008 240126s9999 xx 000 0 und d
041 _aEnglish
082 _aLIBRARY-XIX
245 0 _aIndian Journal of Computers and Information Technology (2011 -
260 _bGlobal Research Publications
_aNew Delhi
440 _aNULL
650 _aComputer Science
650 _aComputers,Information,(2011,-,Computer Science
942 _cJN
999 _c270515
_d270515